El nuevo impuesto sobre grandes establecimientos comerciales (Registro nro. 158911)

Detalles MARC
000 -LEADER
fixed length control field 01490ny a22003373n 4500
008 - FIXED-LENGTH DATA ELEMENTS--GENERAL INFORMATION
fixed length control field 030711s2002 sp s 001 0 spa c
017 ## -
-- D.L. B.24588-2002
020 ## - INTERNATIONAL STANDARD BOOK NUMBER
International Standard Book Number 8476986629
035 ## -
-- 136
040 ## - CATALOGING SOURCE
Original cataloging agency SpMaUCDE
Modifying agency vLex
040 ## - CATALOGING SOURCE
Original cataloging agency UMA.RE
Modifying agency vLex
080 ## -
-- 336.22:339.378.2(460.23:460.16)(094)
080 ## -
-- 339.378.2:336.22(460.23:460.16)(094)
090 ## -
-- 381
-- 381
245 03 - TITLE STATEMENT
Title El nuevo impuesto sobre grandes establecimientos comerciales
Medium [Recurso electrónico]
Remainder of title (comentarios prácticos a la legislación catalana, con referencias a su equivalente navarro) /
Statement of responsibility, etc directores de la obra: Carlos Manubens Fl
256 ## -
-- Servicio en línea
260 ## - PUBLICATION, DISTRIBUTION, ETC. (IMPRINT)
Place of publication, distribution, etc Barcelona :
Name of publisher, distributor, etc J.M. Bosch,
Date of publication, distribution, etc D.L. 2002
300 ## - PHYSICAL DESCRIPTION
Extent 194 p. ;
Dimensions 21 cm
506 1# - RESTRICTIONS ON ACCESS NOTE
Terms governing access Contenido solo disponible en los productos indicados
Authorized users vLex Global
-- vLex Global (Academic Edition, excluding Law Schools)
-- vLex Global (U.S. Academic Edition, Law Schools)
-- vLex Global (U.S. Academic Edition, excluding Law Schools)
-- vLex Global (Academic Edition, Law Schools)
650 07 - SUBJECT ADDED ENTRY--TOPICAL TERM
Topical term or geographic name as entry element Tributario
Source of heading or term Tesauro vLex
650 07 - SUBJECT ADDED ENTRY--TOPICAL TERM
Topical term or geographic name as entry element Impuestos
Source of heading or term Tesauro vLex
650 07 - SUBJECT ADDED ENTRY--TOPICAL TERM
Topical term or geographic name as entry element Derecho tributario
Source of heading or term Tesauro vLex
650 07 - SUBJECT ADDED ENTRY--TOPICAL TERM
Topical term or geographic name as entry element Impuestos
Source of heading or term Tesauro vLex
700 1# - ADDED ENTRY--PERSONAL NAME
Personal name Balcells Iranzo, Salvador,
Relator term dir
700 1# - ADDED ENTRY--PERSONAL NAME
Personal name Manubens Florensa, Carlos,
Relator term dir
700 1# - ADDED ENTRY--PERSONAL NAME
Personal name Pich Frutos, Eva,
Relator term dir
740 0# -
-- vLex Libros (Servicios en línea)
856 40 - LOCALIZACIÓN Y ACCESO ELECTRÓNICO
Identificador Uniforme del Recurso (URI/URL) https://app.vlex.com/#/sources/136
942 ## -
-- RAA
999 ## -
-- 158911
-- 158911

No hay ítems disponibles.


CONTACTO


NOSOTROS


SITIOS DE INTERES

coordinacion.biblioteca.biblioteca@unienlinea.mx Misión, Visión y Objetivos Bases de datos
Directorio Bibliotecas Digitales y Repositorios
Normatividad Revistas y artículos
Convenios interbibliotecarios
Boletines



Hecho en México. Universidad Insurgentes (UIN). Todos los derechos reservados 2024. Esta página y sus contenidos pueden ser reproducidos con fines no lucrativos, siempre y cuando no se mutile, se cite la fuente completa y su dirección electrónicas. De otra forma requiere permiso previo por escrito de la institución




2024 Copyright Universidad Insurgentes | www.bibliouin.com.mx